01448nam a2200277 a 4500001001000000005001700010008004100027041000800068044000800076084002000084100004500104245031300149260003800462300002400500500012700524500004700651500009100698500011000789500001000899546002400909650005200933650005600985650003401041650004501075740005001120BRCA_319120190320204145.0160209s1716----enka---###---#000-0#eng-u aeng aenk a493b.B63c17161 aCervantes Saavedra, Miguel ded1547-161610aThe Much Esteemed History of the Ever-Famous Knight Don Quixote de la ManchabContaining his Many Wonderful Adventures and Atchievements Very Pleasant and Diverting With the Comical Humours of Sancho Pancha his Remarkable Squire Being an Entire History of all the Memorable TransactionscMiguel de Cervantes. aLondresbN. y M. Boddingtonc1716 a189 p.bil.c16 cm. aContenido : Primera parte. Prefacio. Poesía dirigida al lector inglés. Texto abreviado. Segunda parte. Texto abreviado aEdición : Illustrated With Cooper Plates aAbreviación hecha por abreviador anónimo. Piel. Ejemplar dañado Lúdovik Osterc aEstado físico : Encuadernación desprendida. Anotaciones en la guarda y en la parte posterior una suma aQM709 aTexto en : inglés14aNovela españolayÉpoca clásica, 1500-170014aLiteratura españolayÉpoca clásica, 1500-170014aNovela españolaySiglo XVII14aDon Quijote (Personaje ficticio)eNovela0 aEl Ingenioso Hidalgo Don Quijote de la Mancha